000 01016nam a22003257a 4500
003 CHAP
005 20220329135019.0
008 971013s1972 r 00010 d
010 _a29555
011 _a30527
035 _a34639
040 _cCHAP
082 _a581.24
_bL4
100 0 0 _aLevitt, Jacob.
_966476
245 _aResponse of plants to environmental stresses
260 _aNew York :
_bAcademic Press,
_c1972
300 _a697 p.
_b: ilus.
490 _aPhysiological ecology
590 _aBATCH-UPD
_b10
_c20130110
_lUCH01
_h1647
590 _aBATCH-UPD
_b10
_c20130410
_lUCH01
_h1037
590 _aBATCH-UPD
_b10
_c20130914
_lUCH01
_h1250
590 _aCONVERSION
_b10
_c20130109
_lUCH01
_h1317
650 1 4 _aEcologĂ­a vegetal.
_935188
650 1 4 _aFisiologĂ­a vegetal.
_941136
650 1 4 _aPlantas
_xEfecto del medio ambiente.
_988821
830 0 _aPhysiological ecology
_987897
901 _aBK
942 _cLIBRO
949 _a581.24 L4
_bBC
_cLIBRO
_d33724000539169
_eLIBRO
_h16928
_i34639
_si
_t425.00
999 _c29555
_d29555